000 01811nam a2200445 c 4500
003 BLK
005 20230726005219.0
008 180408b bul|||||r ||||||| ||bul||
010 _aKNG00080249000
020 _a978-954-320-333-8
_bиздат.: Рива
040 _aBLK
041 _aBUL
_cBUL
072 7 _2bullib
_aН92
_xИстория Н
080 _aИстория на балканските държави
_b94(497)
_x
_z94(497)
100 1 _aВахтел, Андрю Барух
_eпърви автор
_9297621
700 1 _aДимитрова, Велислава Вълчева
_eпрев. от англ.
_9371807
139 _aВахтел, Андрю Барух
_bВ 29
245 1 0 _aБалканите в световната история
_cАндрю Барух Вахтел; прев. от англ. Велислава Вълчева Димитрова.
257 _aUSA
260 София
_bРива
_c2010
_fВ. Търново : Абагар
300 _a144 с.
_bс к.
_c24 см
380 _a9
500 _aОриг. загл. The Balkans in World History / Andrew Baruch Wachtel. - Библиогр. с. 137-139.
650 4 _aБалкански полуостров - история
_9259470
651 7 _aБалкански страни
_2
_9178568
653 _aБалканите
653 _aистория
653 _aбалкански държави
653 _aпраистория
653 _aСредновековие
653 _aосманско владичество
653 _aнова история
659 _aН
852 _aЦб 253420
856 4 _qpdf
_u
856 4 _qpdf
_u
942 _cKNG
_n0
_02
944 _aCR
_c03.11.2011
_lCRON CRON
_k
944 _aED
_c11.09.2014
_lф /
_k
999 _c75827
_d75827